000
00190nam a2200085 4500
001
1255321
005
20251209114841.0
245
_a
YANDIM ALİ
_c
FAKİR BAYKURT
260
_b
GÜNIŞIĞI YAYINLARI
999
_c
1255321
_d
1255321